logo

Bir Sreshtho Munshi Abdur Rouf Library
Jhenaidah Cadet College

Solutions for the new work force : (Record no. 9447)

MARC details
000 -LEADER
fixed length control field 01303nam a22003738 4500
003 - CONTROL NUMBER IDENTIFIER
JCCL marc code BD - JhCC
005 - DATE AND TIME OF LATEST TRANSACTION
control field 20180314162036.0
008 - FIXED-LENGTH DATA ELEMENTS--GENERAL INFORMATION
fixed length control field 890202s1989 mdua b 001 0 eng
020 ## - INTERNATIONAL STANDARD BOOK NUMBER
International Standard Book Number 0932020623 :
Terms of availability 15.95
020 ## - INTERNATIONAL STANDARD BOOK NUMBER
International Standard Book Number 0932020631 (pbk.) :
Terms of availability 9.95
035 ## - SYSTEM CONTROL NUMBER
system control number MITb10359529
-- BD - JhCC
035 ## - SYSTEM CONTROL NUMBER
system control number (OCoLC)19269820
035 ## - SYSTEM CONTROL NUMBER
system control number GLIS00359529
040 ## - CATALOGING SOURCE
Original cataloging agency DLC
Transcribing agency DLC
Modifying agency MYG
-- BD - JhCC
041 ## - LANGUAGE CODE
Language code of Book eng
050 0# - LIBRARY OF CONGRESS CALL NUMBER
Classification number HD8072.5
Item number .S84 1989
082 ## - DEWEY DECIMAL CLASSIFICATION NUMBER
Author mark and Year SWE 1989
099 ## - LOCAL FREE-TEXT CALL NUMBER
Classification number HD8072.5.S84 1989
100 1# - MAIN ENTRY--PERSONAL NAME
Personal name Sweeney, John J.,
Dates associated with a name 1934-
245 10 - TITLE STATEMENT
Title Solutions for the new work force :
Remainder of title policies for a new social contract /
Statement of responsibility, etc John J. Sweeney and Karen Nussbaum ; preface by Eli Ginzberg.
260 ## - PUBLICATION, DISTRIBUTION, ETC. (IMPRINT)
Place of publication, distribution, etc Cabin John, MD :
Name of publisher, distributor, etc Seven Locks Press,
Date of publication, distribution, etc 1989.
300 ## - PHYSICAL DESCRIPTION
Pagination xviii, 220 p. :
Other physical details ill. ;
Dimensions 22 cm.
504 ## - BIBLIOGRAPHY, ETC. NOTE
Bibliography, etc Includes bibliographical references and index.
650 #0 - SUBJECT ADDED ENTRY--TOPICAL TERM
Topical term or geographic name as entry element Labor policy
Geographic subdivision United States.
650 #0 - SUBJECT ADDED ENTRY--TOPICAL TERM
Topical term or geographic name as entry element Economic security
Geographic subdivision United States.
650 #0 - SUBJECT ADDED ENTRY--TOPICAL TERM
Topical term or geographic name as entry element Wages
Geographic subdivision United States.
650 #0 - SUBJECT ADDED ENTRY--TOPICAL TERM
Topical term or geographic name as entry element Employee fringe benefits
Geographic subdivision United States.
650 #0 - SUBJECT ADDED ENTRY--TOPICAL TERM
Topical term or geographic name as entry element Service industries workers
Geographic subdivision United States.
650 #0 - SUBJECT ADDED ENTRY--TOPICAL TERM
Topical term or geographic name as entry element Work and family
Geographic subdivision United States.
700 1# - ADDED ENTRY--PERSONAL NAME
Personal name Nussbaum, Karen.
942 ## - ADDED ENTRY ELEMENTS (KOHA)
Source of classification or shelving scheme Dewey Decimal Classification
Koha item type Books
949 ## - LOCAL PROCESSING INFORMATION (OCLC)
a MYGD
b 39080005489411
Holdings
Source of classification or shelving scheme Damaged status Not for loan Home library Current library Shelving location Date of accession Full call number Barcode Date last seen Copy number Method of acquisition Koha item type Currency
Dewey Decimal Classification     JCC Rouf Library JCC Rouf Library General Stacks 10/30/2023 331.10973 SWE 1989 12386 03/14/2018 C - 1 Purchase Books BDT

JCC Library | Contacts | JCC Home

Last Update on 23 September 2017
Copyright @ 2017-2020 JCC Rouf Library
Rouf Library, Jhenidah Cadet College (JCC), Bangladesh